000 00414nam a2200169 a 4500
001 22598
005 20180713220524.0
008 140415s1970 mx 000 0 spa d
041 _aspa
082 _a574
_bBIO
245 0 0 _aBIOLOGIA :
_bSEGUNDO CURSO
250 _a14A ED.
260 _aMEXICO :
_bECLALSA,
_c1970
300 _a446
650 1 4 _aBIOLOGIA
700 1 _aBELTRAN, ENRIQUE
_ecoaut.
999 _c22598
_d22598